| 000 | 00000cam 2200000zi 4500 |
| 001 | 9.958193 |
| 003 | CaOODSP |
| 005 | 20251211144629 |
| 006 | m o d f |
| 007 | cr bn||||||||| |
| 008 | 251211e19701119onc o f000 0 eng d |
| 040 | |aCaOODSP|beng|erda|cCaOODSP |
| 043 | |an-cn--- |
| 086 | 1 |aEn58-27/5-70E-PDF |
| 245 | 00|aExtremes of snowfall - Canada. |
| 264 | 1|aToronto, Ontario : |bClimatology Division, Canadian Meteorological Service, |cNov. 19, 1970. |
| 300 | |a1 online resource (1 unnumbered page). |
| 336 | |atext|btxt|2rdacontent |
| 337 | |acomputer|bc|2rdamedia |
| 338 | |aonline resource|bcr|2rdacarrier |
| 490 | 1 |aCDS ; |v#5-70 |
| 500 | |aDigitized edition from print [produced by Environment and Climate Change Canada]. |
| 500 | |a"Period of record to 1967." |
| 650 | 0|aSnow|zCanada|vObservations. |
| 650 | 0|aClimatic extremes|zCanada|vObservations. |
| 650 | 6|aNeige|zCanada|vObservations. |
| 650 | 6|aExtrêmes (Météorologie)|zCanada|vObservations. |
| 710 | 2 |aCanadian Meteorological Service.|bClimatology Division, |eissuing body. |
| 830 | #0|aCDS ;|vno. 5-70.|w(CaOODSP)9.932874 |
| 856 | 40|qPDF|s233 KB|uhttps://publications.gc.ca/collections/collection_2025/eccc/en58/En58-27-5-70-eng.pdf |